| 000 | 00625nam a2200241Ia 4500 | ||
|---|---|---|---|
| 003 | OSt | ||
| 005 | 20221005073330.0 | ||
| 006 | a|||||r|||| 00| 0 | ||
| 007 | ta | ||
| 008 | 221004b |||||||| |||| 00| 0 eng d | ||
| 024 | _a41757 | ||
| 037 | _cTextual | ||
| 040 |
_aCRL _cCRL _beng |
||
| 041 |
_2eng _aeng |
||
| 082 | _aO111,1NTHx, N2 | ||
| 100 |
_aThakur Nirmal _9607912 |
||
| 245 | 0 | _aRealm of thoughts | |
| 260 |
_aNew Delhi _bHar-Anand India _c1992 |
||
| 300 |
_a73p _ccm. |
||
| 650 | _aENGLISH LITERATURE | ||
| 942 |
_hO111,1NTHx, N2 _cTEXL _2cc |
||
| 999 |
_c980943 _d980943 |
||